000 00302nam a22001457a 4500
008 221012b ||||| |||| 00| 0 eng d
020 _a9780470601877
041 _aeng
080 _a311
082 _a311 LOC
100 _a25.2
101 _aSTA
245 _aSTATISTICS
_cLOCK R
942 _2udc
_cBK
999 _c58533
_d58533